000 00332cam a22001097a 4500
008 180718b2005 xxu||||| |||| 00| 0 eng d
020 _a817881417X
245 _aTalent magnets: how to recruit and retain the best
_cedited by Nasreen Taher
260 _aHyderabad
_bICFAI Univ. Press
_c2005
300 _a153p.
700 _aTaher, Nasreen
999 _c404813
_d404813